00703nam a22002297a 4500003000400000005001700004008004100021010002300062020002200085035001300107037001600120040001500136082001300151100002000164245005400184260005100238270005100289300002100340500005400361650002100415650003700436dpl20180522164845.0180522b xxu||||| |||| 00| 0 eng d aA-943812, A-943816 c00.00a8170249929 aA-943812 bCen Lib/Ret aDPLbENc0 a954bDHI aDhirendra Singh aIndian Heritage and culture /cby Dhirendra Singh aNew DelhibA.P.H. Publishing Corporationc1998 a5, Ansari Road, Darya Ganj bNew Delhie110002 a313p. c21cm(Hb) aIncludes bibliographical references and index  aIndia -- History aIndia -- Social life and customs